000 00754nam a22002411c 4500
001 392039435
003 RU-10907106
005 20220606195238.0
008 140523s2013 gw |||| 000u ger d
020 _a9783406650123
_9978-3-406-65012-3
040 _cRU-10907106
_aRU-10907106
_bger
041 _ager
100 1 _aGregorovius, Ferdinand
_97231
245 0 0 _aBriefe nach Königsberg :
_b[1852 - 1891] /
_cFerdinand Gregorovius. Hrsg. von Dominik Fugger ..
264 _aMünchen :
_bBeck,
_c2013
300 _a304 S.
600 0 _aGregorovius, Ferdinand
_97231
655 0 _aBriefsammlung
_91537
655 0 _aQuelle
_9216
700 1 _aFugger, Dominik
_eHerausgeberIn
_97232
700 1 _aSchülter, Nina
_eHerausgeberIn
_97233
942 _cMG
_2z
999 _c37386
_d37386